[Event "Turkish Cup 2022"]
[Site "Sakarya"]
[Date "2022.03.30"]
[Round "8.4"]
[White "Yaran, Siar"]
[Black "Kirilmaz, Emre"]
[Result "1-0"]
[WhiteElo "2272"]
[BlackElo "2229"]
[Annotator "TA"]
[PlyCount "65"]
[EventDate "2022.03.25"]
[EventType "swiss"]
[EventCountry "TUR"]
[SourceTitle "playchess.com"]
[Source "ChessBase"]
[SourceQuality "1"]

{[%evp 12,65,24,0,7,-12,-11,-7,16,2,29,19,23,13,25,-11,0,12,13,-1,8,10,27,18,38,39,40,60,113,109,104,104,141,144,135,126,296,288,308,292,286,281,381,287,593,591,580,554,587,601,599,599,598,577,1646,1164]} 1. e4 c6 2. Nc3 d5 3. Nf3 Bg4 4. h3 Bxf3 5. Qxf3 e6 6. g3 Nd7 7. d3 Bb4 {B11: Caro-Kann: Two Knights Variation.} 8. Bd2 d4 9. Nb1 {[#]} Bd6 $146 {The position is equal.} ({Predecessor:} 9... Qb6 10. b3 Ne7 11. Bg2 O-O 12. O-O f5 13. Bxb4 Qxb4 14. exf5 exf5 15. Qe2 Ng6 {1-0 (46) Lu,S (2635)-Aravindh,C (2579) Bhubaneswar 2018}) 10. Bg2 Ne7 11. O-O O-O 12. Qe2 e5 13. f4 f5 14. Na3 fxe4 15. dxe4 {[%cal Bd3e4,Be4e5,Be5e6][%mdl 32]} exf4 16. gxf4 Ng6 {[%cal Rg6f4]} 17. e5 Bc5 {And now ...d3+ would win.} 18. Kh2 Qh4 {[%cal Rg6f4]} 19. Qg4 Bxa3 (19... Nb6 $14) 20. bxa3 $16 Nb6 21. Rae1 Rae8 22. e6 Nc4 {[#]} 23. Bc1 Qe7 $2 {Black cannot hold the game after this.} (23... Qxg4 $16 24. hxg4 Ne7) 24. f5 $18 Qd6+ 25. Kh1 Nge5 {[#]} 26. Qg3 {f6 is the strong threat.} Kh8 27. Be4 {[%cal Bg2e4,Be4f5,Bf5e4][%mdl 32]} Ne3 $2 (27... Ng6 {is more resistant.} 28. Qg4 Nge5) 28. Rg1 {[%csl Gg1][%cal Rg3g7] White is clearly winning.} Re7 29. Rxe3 ({Weaker is} 29. Bxe3 dxe3 30. Rd1 (30. Qxe3 Nc4 $16) 30... Qc5 $16) 29... dxe3 30. Bb2 Rxf5 31. Bxf5 {White threatens c4 and mate. A strong pair of Bishops.} Qd5+ 32. Qg2 {Black must now prevent Qxd5.} Nc4 33. Be4 {Weighted Error Value: White=0.08 (flawless) /Black=0.33} 1-0

[Event "Turkish Cup 2022"]
[Site "Sakarya"]
[Date "2022.03.30"]
[Round "8.6"]
[White "Ozsakallioglu, Okan"]
[Black "Ererdem, Gani Eren"]
[Result "1-0"]
[WhiteElo "2270"]
[BlackElo "2134"]
[Annotator "TA"]
[PlyCount "87"]
[EventDate "2022.03.25"]
[EventType "swiss"]
[EventCountry "TUR"]
[SourceTitle "playchess.com"]
[Source "ChessBase"]
[SourceQuality "1"]

{[%evp 21,87,20,9,7,0,-24,0,0,0,0,8,0,14,11,29,30,42,44,43,31,19,26,35,29,25,22,20,18,33,33,34,34,27,34,139,143,153,143,168,167,154,30,168,165,185,165,153,122,194,195,235,249,312,271,269,254,438,418,444,401,668,660,808,808,877,726,650,600]} 1. e4 e5 2. Nf3 Nc6 3. Bb5 a6 4. Bxc6 dxc6 5. O-O f6 6. d4 Bg4 7. dxe5 Qxd1 8. Rxd1 fxe5 9. Nbd2 O-O-O 10. Re1 Bd6 11. h3 Bh5 12. g4 {C69: Ruy Lopez: Exchange Variation with 5 0-0 f6.} Bf7 13. Nf1 (13. Ng5 $5 {[%cal Rg5f7]} Rd7 14. Nxf7 Rxf7 15. Nc4 $11) 13... h5 14. Ng5 {The position is equal.} Bg6 {[#]} 15. Be3 $146 ({Predecessor:} 15. Ng3 hxg4 16. hxg4 Nf6 17. f3 Nh7 18. Kg2 Bb4 19. c3 Be7 20. Ne6 Rdg8 21. Nf5 Bxf5 22. exf5 {1-0 (49) Knoppert,E (2345)-Van der Sterren,P (2535) Eindhoven 1992}) 15... Nf6 {[%csl LRe4,LRg4]} 16. f3 hxg4 17. hxg4 Nh7 18. Kg2 Bb4 19. Red1 Be7 {Strongly threatening ...Rxd1.} 20. Nxh7 (20. Ne6 {keeps more tension.} Rdg8 21. Nc5 Nf8 22. Ng3 b6 23. Nd3) 20... Rxh7 21. Rxd8+ Bxd8 22. Rd1 Bf7 23. a3 Be7 24. Ng3 g6 {To avoid Nf5} 25. Nh1 c5 26. Nf2 c4 {Inhibits Nd3.} 27. Bd2 Kd7 (27... Be8 $14) 28. Bc3+ $1 $16 Ke6 29. Nh3 $1 Bf6 30. Rd5 $1 Ke7 {[#]} 31. Ra5 {White is more active.} (31. Ng5 $1 $16 {[%mdl 512]} Rg7 (31... Bxg5 32. Rxe5+) 32. Nxf7 Kxf7 33. Bxe5) 31... b6 (31... Rh8 $11) 32. Rxa6 $18 Be6 33. Ra8 Kd6 34. Nf2 Bg5 {[#]} (34... Bd7 $16 35. f4 Ke7) 35. a4 $1 {[%cal Ba3a4,Ba4a5,Ba5a6,Ba6a7][%mdl 32]} Be3 36. a5 b5 37. Nd1 Bc5 38. Be1 Bd7 $2 (38... Rd7 {keeps fighting.} 39. a6 Kc6) 39. Bf2 Bxf2 40. Nxf2 ({Weaker is} 40. Kxf2 Rh2+ 41. Ke3 Rxc2 $14) 40... Rg7 (40... Kc5 $142 41. Rg8 b4) 41. a6 {White is clearly winning.} Kc6 42. Rb8 {White threatens a7 and mate.} Kc5 43. a7 Bc6 44. Kf1 {Weighted Error Value: White=0.11 (very precise) /Black=0.41} 1-0

[Event "Turkish Cup 2022"]
[Site "Sakarya"]
[Date "2022.03.30"]
[Round "8.7"]
[White "Ozcan, Ilker"]
[Black "Gulbeyaz, Emir"]
[Result "0-1"]
[WhiteElo "2014"]
[BlackElo "2218"]
[Annotator "TA"]
[PlyCount "114"]
[EventDate "2022.03.25"]
[EventType "swiss"]
[EventCountry "TUR"]
[SourceTitle "playchess.com"]
[Source "ChessBase"]
[SourceQuality "1"]

{[%evp 9,114,4,19,2,17,17,18,0,47,5,2,4,6,0,0,-10,0,14,10,-18,-28,-49,-36,-88,-34,-34,0,0,0,-37,-31,-38,-35,-105,-105,-98,-98,-101,-114,-106,-87,-116,-88,-97,-90,-89,-101,-102,-89,-92,-97,-89,-90,-71,-53,-72,-41,-38,-41,-114,-94,-179,-177,-182,-182,-181,-141,-143,-143,-143,-143,-143,-143,-143,-128,-143,-143,-11330,-11330,-11344,-11337,-11344,-11337,-12739,-12710,-12507,-12373,-12397,-12397,-12224,-9300,-7423,-3600,-29955,-12850,-29976,-29976,-29974,-29968,-29977,-29978,-29977,-29978,-29978,-29977,-29967,-6095]} 1. c4 Nf6 2. Nc3 d5 3. cxd5 Nxd5 4. g3 Nc6 5. Bg2 Nb6 6. Bxc6+ {A16: English Opening: 1...Nf6 with ...d5.} bxc6 {[#]} 7. Nf3 $146 ({Predecessor:} 7. Na4 e5 8. Qc2 Qd5 9. f3 Bd7 10. d3 Qa5+ 11. Nc3 Nd5 12. Qa4 Qb6 13. Qe4 {0-1 (29) Neitzel,J-Rehder,A Altenholz 2009}) 7... Bh3 8. d3 {The position is equal.} (8. Ng5 $5 {[%cal Rg5h3]} Bg2 9. Rg1 $11) 8... e6 (8... Bg2 $11 9. Rg1 Bxf3 10. exf3 Qd7) 9. Ng5 (9. Rg1 $14) 9... Bg4 $11 10. Nge4 Be7 11. h3 Bf5 12. Be3 Nd5 13. Qa4 {[%csl LRa7,LRc6]} O-O 14. Bd2 Rb8 15. Rb1 Qd7 16. f4 (16. f3 $15) 16... Bg6 ({Black should play} 16... Rfd8 $17) 17. O-O $15 f5 (17... Nb6 {looks sharper.} 18. Qa5 f5 19. Ng5 Bxg5 20. fxg5 Nc4) 18. Nxd5 exd5 19. Nf2 Qe6 20. Qxa7 c5 {[#] White must now prevent ...Ra8.} 21. Qa4 (21. Qxc7 $15 Bd6 22. Qa5 (22. Qc6 Be8 $17)) 21... Ra8 $17 22. Qc2 Rxa2 (22... Qxe2 $2 23. Rfe1 Qf3 24. Re3 (24. Rxe7 Qxg3+ 25. Kf1 Bh5 $18) 24... Qxe3 25. Bxe3 $18) 23. Ra1 Rxa1 {Black is more active.} 24. Rxa1 Bd6 (24... Qxe2 $2 25. Re1 Qf3 26. Re3 Qxe3 27. Bxe3 $18) 25. Re1 h6 26. Qb3 Bf7 27. e4 Qg6 28. Kh2 dxe4 29. Qc2 {[%cal Rd3e4]} exd3 30. Nxd3 Bd5 31. Nxc5 {[%cal Oc5b7]} Re8 $40 {[%mdl 128] Black has some attack.} 32. Qd3 c6 33. Rxe8+ Qxe8 34. Be3 ({White should try} 34. Na4 $15) 34... Qb8 35. Na4 (35. Qc2 $17) 35... Qb4 $19 36. Nc3 Qxb2+ 37. Qd2 Qb3 {[#] Threatens to win with ...Bb4.} 38. Nxd5 Qxd5 39. Qxd5+ cxd5 $17 {[%mdl 4096] Endgame KB-KB} 40. Kg2 Kf7 41. Kf3 Be7 42. Ke2 h5 43. h4 $2 {[%mdl 8192] Loses the game.} (43. Bd4 $17) 43... Ke6 44. Kd3 Bd8 45. Bd4 g6 46. Bc5 Ba5 47. Bf2 Kd6 48. Ke2 Kc6 49. Kd3 Bb6 50. Be1 Bg1 51. Ke2 Kc5 {( -> ...Kd4)} 52. Kf3 Kc4 {Black mates.} 53. Ke2 Kd4 54. Ba5 Ke4 55. Bd2 d4 {[%cal Bd5d4,Bd4d3][%mdl 32]} 56. Be1 d3+ 57. Kd2 Bb6 {Weighted Error Value: White=0.55/Black=0.10 (very precise)} (57... Be3+ $142 58. Kc3 d2 59. Bxd2 Bxd2+ 60. Kxd2 Kf3 61. Kd3 Kxg3 62. Ke2 Kxh4 63. Kf3 Kh3 64. Ke3 Kg3 65. Kd4 Kxf4 66. Kd5 g5 67. Ke6 h4 68. Kf6 h3 69. Ke6 g4 70. Kf6 h2 71. Ke7 g3 72. Kd6 h1=Q 73. Kd7 Qb7+ 74. Kd6 g2 75. Kc5 g1=Q+ 76. Kc4 Qc1+ 77. Kd4 Qe4#) 0-1

[Event "Turkish Cup 2022"]
[Site "Sakarya"]
[Date "2022.03.30"]
[Round "8.8"]
[White "Tahaoglu, Erkin"]
[Black "Zor, Alber Kadir"]
[Result "0-1"]
[WhiteElo "1694"]
[BlackElo "2147"]
[Annotator "TA"]
[PlyCount "70"]
[EventDate "2022.03.25"]
[EventType "swiss"]
[EventCountry "TUR"]
[SourceTitle "playchess.com"]
[Source "ChessBase"]
[SourceQuality "1"]

{[%evp 16,70,0,-64,-21,-53,-4,-22,-33,-33,-30,-43,-58,-85,-55,-69,-50,-48,-44,-61,-60,-58,-51,-74,-66,-74,-74,-72,-67,-152,-151,-148,-142,-195,-211,-204,-172,-373,-318,-456,-447,-535,-519,-673,-650,-1384,-837,-819,-755,-1428,-1422,-1295,-1108,-1336,-888,-29987,-29988]} 1. e4 Nf6 2. e5 Nd5 3. d4 d6 4. Nf3 dxe5 5. dxe5 Bg4 6. Be2 Nc6 7. O-O e6 8. c4 Nb6 9. b3 (9. Qc2 $11) 9... Be7 {B03: Alekhine's Defence: Four Pawns Attack.} (9... Qxd1 $15 {deserves consideration.} 10. Rxd1 {[#]} Nxe5 $1) 10. Bb2 O-O {[#]} (10... Qxd1 $15 {is more appropriate.} 11. Rxd1 Nd7) 11. Qc1 $146 ({Predecessor:} 11. Qc2 Bf5 12. Qd1 Nd7 13. Nbd2 Bb4 14. a3 Bxd2 15. Qxd2 Ndxe5 16. Qc3 Nxf3+ 17. Bxf3 {0-1 (35) Vodanovic,B (1497)-Magalhaes,J (1508) IECC email 2003}) 11... Nd7 {The position is equal.} 12. Rd1 Qc8 13. Qf4 Bxf3 14. Bxf3 {[#]} Ncxe5 15. Be4 (15. Nc3 Nxf3+) 15... Bf6 {[%cal Oe5d3]} 16. Nc3 Rd8 17. Rd2 Nc5 {Pair of Knights!} 18. Rad1 {aiming for Rxd8+.} Rxd2 19. Rxd2 Ng6 (19... Nxe4 $2 20. Nxe4 Ng4 21. Nxf6+ (21. Qxg4 Bxb2 22. Rxb2 f5 $16) 21... Nxf6 22. Bxf6 gxf6 23. Rd3 $18 (23. Qxf6 Qf8 $16)) 20. Bxg6 hxg6 {[%cal Bh7g6,Bg6g5,Bg5f4][%mdl 32]} 21. b4 Nd7 22. g4 ({Better is} 22. Ne4 $15) 22... g5 $17 23. Qe4 a5 24. a3 (24. b5 $17 {was necessary.}) 24... axb4 $19 25. axb4 Nf8 26. f4 $2 (26. Qc2) 26... gxf4 27. g5 (27. Qxf4 {was called for.} c5 28. b5) 27... Bxg5 28. Rg2 Qd8 29. h4 Bf6 30. Qxb7 Rb8 31. Qf3 Rxb4 {Strongly threatening ...Ng6.} 32. Qg4 {[#]} Rxb2 $1 33. Rxb2 Bxc3 34. Rc2 Qd3 35. Rg2 f3 {Weighted Error Value: White=1.14/Black=0.36} 0-1

[Event "Turkish Cup 2022"]
[Site "Sakarya"]
[Date "2022.03.30"]
[Round "8.9"]
[White "Kavri, Yusuf Eren"]
[Black "Eren, Ataberk"]
[Result "0-1"]
[WhiteElo "1886"]
[BlackElo "2306"]
[Annotator "ChessBase"]
[PlyCount "190"]
[EventDate "2022.03.25"]
[EventType "swiss"]
[EventCountry "TUR"]
[SourceTitle "playchess.com"]
[Source "ChessBase"]
[SourceQuality "1"]
[TimeControl "5400+30"]

1. d4 {[%emt 0:01:00]} Nf6 {[%emt 0:04:00]} 2. c4 {[%emt 0:00:30]} e6 {[%emt 0:00:00]} 3. Nc3 {[%emt 0:00:00]} Bb4 {[%emt 0:00:00]} 4. Nf3 {[%emt 0:00:00]} b6 {[%emt 0:00:30]} 5. Bg5 {[%emt 0:05:30]} h6 {[%emt 0:00:30]} 6. Bh4 {[%emt 0:00:30]} Bb7 {[%emt 0:00:30]} 7. e3 {[%emt 0:00:30]} g5 {[%emt 0:00:30]} 8. Bg3 {[%emt 0:00:30]} Ne4 {[%emt 0:00:30]} 9. Qc2 {[%emt 0:00:30]} Bxc3+ {[%emt 0:00:30]} 10. bxc3 {[%emt 0:00:30]} d6 {[%emt 0:00:00]} 11. Nd2 {[%emt 0:00:00]} f5 {[%emt 0:00:00]} 12. Nxe4 {[%emt 0:05:00]} Bxe4 {[%emt 0:00:00]} 13. Qa4+ {[%emt 0:00:30]} Bc6 {[%emt 0:00:00]} 14. Qc2 {[%emt 0:00:30]} Qf6 {[%emt 0:00:00]} 15. f3 {[%emt 0:10:30]} Nd7 {[%emt 0:00:00]} 16. O-O-O {[%emt 0:00:30]} O-O-O {[%emt 0:00:30]} 17. Bd3 {[%emt 0:01:30]} Rdf8 {[%emt 0:00:30]} 18. e4 {[%emt 0:00:30]} f4 {[%emt 0:00:30]} 19. Bf2 {[%emt 0:00:30]} Qe7 {[%emt 0:01:30]} 20. Qe2 {[%emt 0:08:30]} Bb7 {[%emt 0:05:30]} 21. Kb1 {[%emt 0:04:30]} e5 {[%emt 0:00:30]} 22. h4 {[%emt 0:02:30]} Rfg8 {[%emt 0:01:30]} 23. hxg5 {[%emt 0:04:30]} hxg5 {[%emt 0:00:30]} 24. g4 {[%emt 0:01:30]} c5 {[%emt 0:15:30]} 25. d5 {[%emt 0:02:30]} Rh7 {[%emt 0:07:30]} 26. Rdg1 {[%emt 0:02:30]} Rgh8 {[%emt 0:00:30]} 27. Qf1 {[%emt 0:00:00]} Rh2 {[%emt 0:00:30]} 28. Rxh2 {[%emt 0:02:00]} Rxh2 {[%emt 0:00:30]} 29. Rh1 {[%emt 0:00:30]} Qh7 {[%emt 0:00:30]} 30. Rxh2 {[%emt 0:00:30]} Qxh2 {[%emt 0:00:00]} 31. Qg1 {[%emt 0:00:00]} Qh3 {[%emt 0:00:00]} 32. Be2 {[%emt 0:00:00]} Nf6 {[%emt 0:00:30]} 33. Qf1 {[%emt 0:01:30]} Qh7 {[%emt 0:00:00]} 34. Bd3 {[%emt 0:01:30]} Qh2 {[%emt 0:01:00]} 35. Be2 {[%emt 0:04:30]} Ba6 {[%emt 0:00:00]} 36. Bg1 {[%emt 0:02:30]} Qh7 {[%emt 0:01:00]} 37. Bd3 {[%emt 0:00:30]} Qh1 {[%emt 0:01:30]} 38. Kb2 {[%emt 0:02:30]} Kd8 {[%emt 0:00:30]} 39. Qf2 {[%emt 0:04:30]} Qh7 {[%emt 0:00:30]} 40. Qh2 {[%emt 0:01:30]} Qg7 {[%emt 0:00:30]} 41. Qg2 {[%emt 0:00:30]} Qh7 {[%emt 0:01:30]} 42. Qh2 {[%emt 0:00:30]} Qxh2+ {[%emt 0:01:30]} 43. Bxh2 {[%emt 0:00:30]} Ng8 {[%emt 0:00:30]} 44. Bg1 {[%emt 0:00:30]} Nh6 {[%emt 0:00:00]} 45. Be2 {[%emt 0:01:30]} Nf7 {[%emt 0:00:00]} 46. Kc2 {[%emt 0:05:30]} Kc7 {[%emt 0:01:30]} 47. Kd3 {[%emt 0:00:30]} Nd8 {[%emt 0:00:00]} 48. Bd1 {[%emt 0:00:30]} Nb7 {[%emt 0:00:00]} 49. Bb3 {[%emt 0:05:30]} Na5 {[%emt 0:00:00]} 50. Bf2 {[%emt 0:00:30]} Bc8 {[%emt 0:00:00]} 51. Ba4 {[%emt 0:01:30]} Ba6 {[%emt 0:01:30]} 52. Bb3 {[%emt 0:00:30]} Bb7 {[%emt 0:00:30]} 53. Ba4 {[%emt 0:01:30]} Bc8 {[%emt 0:00:30]} 54. Bg1 {[%emt 0:00:30]} Kd8 {[%emt 0:00:30]} 55. Bf2 {[%emt 0:00:30]} Ke7 {[%emt 0:00:30]} 56. Bg1 {[%emt 0:00:30]} Ba6 {[%emt 0:01:30]} 57. Bb3 {[%emt 0:00:30]} Nb7 {[%emt 0:00:00]} 58. Ba4 {[%emt 0:00:30]} Na5 {[%emt 0:00:00]} 59. Bb3 {[%emt 0:00:30]} Bc8 {[%emt 0:00:30]} 60. Ba4 {[%emt 0:00:54]} a6 {[%emt 0:00:00]} 61. Bf2 {[%emt 0:01:51]} Kd8 {[%emt 0:00:00]} 62. Bg1 {[%emt 0:00:21]} Kc7 {[%emt 0:00:30]} 63. Bf2 {[%emt 0:00:18]} Nb7 {[%emt 0:01:30]} 64. Bg1 {[%emt 0:02:36]} Na5 {[%emt 0:01:30]} 65. Bf2 {[%emt 0:00:04]} Nb7 {[%emt 0:08:30]} 66. Bg1 {[%emt 0:02:40]} Nd8 {[%emt 0:00:30]} 67. Bf2 {[%emt 0:00:57]} Nf7 {[%emt 0:00:00]} 68. Bg1 {[%emt 0:00:53]} Nh6 {[%emt 0:00:00]} 69. Bf2 {[%emt 0:07:22]} Nxg4 {[%emt 0:00:30]} 70. fxg4 {[%emt 0:00:30]} Bxg4 {[%emt 0:00:30]} 71. Bg1 {[%emt 0:03:09]} Bf3 {[%emt 0:00:30]} 72. Bf2 {[%emt 0:00:36]} Kd8 {[%emt 0:00:00]} 73. Be1 {[%emt 0:00:53]} Ke7 {[%emt 0:00:00]} 74. Bf2 {[%emt 0:00:00]} Kf6 {[%emt 0:01:30]} 75. Be8 {[%emt 0:00:16]} Kg7 {[%emt 0:00:00]} 76. Be1 {[%emt 0:01:30]} Kh6 {[%emt 0:00:00]} 77. Bf2 {[%emt 0:00:17]} Bg2 {[%emt 0:03:30]} 78. a3 {[%emt 0:03:18]} Bf1+ {[%emt 0:02:30]} 79. Kd2 {[%emt 0:00:30]} Bxc4 {[%emt 0:00:00]} 80. Bf7 {[%emt 0:00:37]} Bf1 {[%emt 0:00:00]} 81. Be8 {[%emt 0:00:54]} Bg2 {[%emt 0:00:30]} 82. Kd3 {[%emt 0:00:00]} Bf3 {[%emt 0:00:30]} 83. a4 {[%emt 0:00:44]} g4 {[%emt 0:01:30]} 84. Bh4 {[%emt 0:00:34]} g3 {[%emt 0:00:30]} 85. Bf7 {[%emt 0:00:38]} b5 {[%emt 0:01:30]} 86. axb5 {[%emt 0:00:53]} axb5 {[%emt 0:00:00]} 87. Be8 {[%emt 0:00:06]} c4+ {[%emt 0:01:00]} 88. Kd2 {[%emt 0:00:30]} Bxe4 {[%emt 0:00:00]} 89. Ke1 {[%emt 0:00:32]} Bxd5 {[%emt 0:00:00]} 90. Be7 {[%emt 0:00:21]} f3 {[%emt 0:00:30]} 91. Bh4 {[%emt 0:00:32]} f2+ {[%emt 0:01:30]} 92. Kf1 {[%emt 0:00:30]} b4 {[%emt 0:02:30]} 93. Bxg3 {[%emt 0:00:41]} b3 {[%emt 0:00:30]} 94. Ba4 {[%emt 0:00:54]} Be4 {[%emt 0:00:00]} 95. Kxf2 {[%emt 0:00:20]} b2 {[%emt 0:00:00]} 0-1

[Event "Turkish Cup 2022"]
[Site "Sakarya"]
[Date "2022.03.30"]
[Round "8.10"]
[White "Canbulan, Arda"]
[Black "Isik, Alparslan"]
[Result "0-1"]
[WhiteElo "1867"]
[BlackElo "2328"]
[Annotator "TA"]
[PlyCount "53"]
[EventDate "2022.03.25"]
[EventType "swiss"]
[EventCountry "TUR"]
[SourceTitle "playchess.com"]
[Source "ChessBase"]
[SourceQuality "1"]

{[%evp 12,53,-14,-28,-18,-21,-18,-64,-62,-75,-70,-75,-64,-155,-174,-166,-160,-163,-179,-441,-441,-387,-179,-249,-244,-405,-430,-444,-435,-426,-422,-631,-625,-627,-620,-620,-516,-508,-522,-29988,-29989,-29990,-29991,-29999]} 1. d4 Nf6 2. c4 e6 3. Nc3 Bb4 4. f3 d5 5. a3 Bxc3+ 6. bxc3 O-O 7. Bg5 c5 {E27: Nimzo-Indian: Sämisch: 5...0-0 6 f3.} 8. e3 Nc6 {[#]} 9. Nh3 $146 (9. Bd3 $11 {might be stronger.}) ({Predecessor:} 9. Bd3 Qa5 10. Ne2 cxd4 11. Bxf6 dxc4 12. Bxc4 gxf6 13. exd4 e5 14. O-O Be6 15. Qb3 Bxc4 16. Qxc4 {1-0 (28) Gibbons,R (2308)-Ramsden,J (2013) ICCF email 2017}) 9... cxd4 $15 {Black is slightly better.} 10. cxd4 e5 11. dxe5 Nxe5 {Threatens to win with ...Bxh3.} 12. cxd5 (12. Nf2 $15) 12... Bxh3 $17 {Black is more active.} (12... Qxd5 13. Qxd5 Nxd5 14. Rd1 $11) 13. gxh3 Qa5+ (13... Qxd5 14. Bxf6 Qa5+ 15. Kf2 gxf6 16. Rg1+ Ng6 17. Qe1 $11) 14. Kf2 Nxd5 {[%cal Bf6d5,Bd5e3,Be3d1][%mdl 32] And now ...h6 would win.} 15. f4 $2 {[#]} (15. Qe1 Qc5 16. Rc1 Qxa3 17. Qd2) 15... f6 $1 $19 16. Bh4 {[#]} Ng6 (16... g5 $142 $1 17. Qe1 (17. Be2 gxh4) 17... Qa4) 17. Bc4 (17. Bg3 $142) 17... Rad8 (17... Ngxf4 18. Qd4 (18. exf4 $2 Qc5+ 19. Kg3 Qxc4 $19) 18... Kh8 19. exf4 $16) 18. Rb1 $2 (18. Bg3 Kh8 19. Qe1) 18... Kh8 {White must now prevent ...Nxe3.} ({Worse is} 18... Nxh4 19. Rb5 Qc7 20. Rxd5 $15 (20. Bxd5+ Kh8 $17)) 19. Rb5 {[#]} Nxe3 $1 {[%mdl 512]} 20. Rxa5 Nxd1+ {Pair of Knights!} ({Inferior is} 20... Rxd1 21. Rxd1 Nxd1+ 22. Kg3 $19) 21. Kg3 (21. Rxd1 $142 Rxd1 22. Bg3) 21... Ne3 22. Be2 b6 23. Rb5 a6 24. Rxb6 Nf5+ 25. Kg4 Ngxh4 26. Bxa6 g6 {[%csl Gg6][%cal Rh7h5]} 27. Ra1 {Black took control after the opening.  Weighted Error Value: White=0.77/Black=0.21 (precise)} 0-1

[Event "Turkish Cup 2022"]
[Site "Sakarya"]
[Date "2022.03.30"]
[Round "8.11"]
[White "Huseyinoglu, Alihan"]
[Black "Demirag, Gokhan"]
[Result "1-0"]
[WhiteElo "2312"]
[BlackElo "1946"]
[Annotator "TA"]
[PlyCount "73"]
[EventDate "2022.03.25"]
[EventType "swiss"]
[EventCountry "TUR"]
[SourceTitle "playchess.com"]
[Source "ChessBase"]
[SourceQuality "1"]

{[%evp 14,73,34,34,20,29,53,37,79,79,85,93,97,87,86,90,137,123,155,135,147,134,144,41,56,59,245,104,108,95,99,88,307,331,317,317,280,320,324,324,333,321,270,156,337,337,1192,142,1106,1209,1216,1213,1151,1104,970,877,1654,1526,1612,1497,1231,1098]} 1. d4 Nf6 2. c4 e6 3. Nc3 Bb4 4. e3 b6 5. Nge2 Bb7 6. a3 Be7 7. d5 O-O 8. Ng3 Re8 {E44: Nimzo-Indian: Rubinstein: 4...b6 5 Ne2.} 9. Be2 Bf8 10. O-O c5 (10... Bd6 $14) 11. e4 $16 {[%cal Be3e4,Be4d5][%mdl 32] [#]} exd5 $146 ({Predecessor:} 11... d6 12. f4 exd5 13. cxd5 Nbd7 14. b3 g6 15. Bb2 Bg7 16. Qc2 h5 17. Bf3 a6 {1-0 (37) Rowson,J (2586)-Rudd,J (2288) London 2012}) 12. exd5 d6 13. Bd3 g6 14. f4 {[%cal Bf2f4,Bf4f5][%mdl 32]} Nbd7 ({Better is} 14... h6) 15. f5 $1 a6 {[%cal Ob6b5]} 16. a4 {Inhibits b5.} Qc7 17. Bf4 Bg7 18. Nge4 (18. Qd2 $16) 18... Nxe4 $14 19. Nxe4 {Strongly threatening fxg6.} Be5 $2 (19... Ne5 $1 $14) 20. Qd2 (20. Qf3 $18 {is more deadly.}) 20... Nf6 $16 {White must now prevent ...Nxe4.} 21. Rae1 {White is more active.} Nxe4 22. Rxe4 {Hoping for Bxe5.} Bd4+ {[#]} (22... Bh8 $16) 23. Rxd4 $1 $18 {[%mdl 512]} cxd4 {[#]} 24. Bg5 $1 {Threatens to win with Qf4. A strong pair of Bishops.} Re3 25. Bxe3 dxe3 26. Qxe3 {aiming for fxg6.} Qc5 27. Qxc5 bxc5 {[%mdl 4096] Endgame KRB-KRB} 28. Re1 (28. f6 $18) 28... Kf8 $2 (28... Kg7 $16 {was called for.} 29. b3 Kf6) 29. f6 Re8 $2 (29... a5 30. Re7 Bc8) 30. Rxe8+ Kxe8 {[#] KB-KB} 31. a5 $1 {White is clearly winning.} Bc8 32. h4 Bg4 33. Kf2 Bd1 34. Ke3 h6 35. Kd2 Ba4 36. Kc3 Kd8 37. b4 {Weighted Error Value: White=0.18 (very precise) /Black=0.45} 1-0

[Event "Turkish Cup 2022"]
[Site "Sakarya"]
[Date "2022.03.30"]
[Round "8.12"]
[White "Unesi, Erdal"]
[Black "Kilic, Efe Mert"]
[Result "0-1"]
[WhiteElo "1861"]
[BlackElo "2220"]
[Annotator "TA"]
[PlyCount "86"]
[EventDate "2022.03.25"]
[EventType "swiss"]
[EventCountry "TUR"]
[SourceTitle "playchess.com"]
[Source "ChessBase"]
[SourceQuality "1"]

{[%evp 18,86,39,10,21,23,30,19,18,-9,-9,-2,37,22,32,38,68,35,54,40,33,27,50,0,0,0,0,0,1,-18,0,-8,0,0,0,-43,36,0,0,0,0,0,112,12,5,12,84,24,30,-89,-82,-81,0,-303,6,-148,-148,-129,-135,-1031,-1031,-1024,-1017,-29978,-29979,-29987,-29981,-29981,-29982,-29981,-29982]} 1. d4 Nf6 2. c4 c5 3. d5 e6 4. Nc3 exd5 5. cxd5 d6 6. e4 g6 7. Nf3 Bg7 8. Be2 O-O 9. O-O {9.Be3 is more fashionable.} Re8 10. Qc2 (10. Nd2 {looks sharper.} Na6 11. f3 Nd7 12. Nc4 Nb6 13. Bf4) 10... Bg4 {A76: Modern Benoni: Classical: 9...Re8 10 Qc2.} 11. h3 Bxf3 12. Bxf3 Nbd7 {The position is equal.} 13. Re1 a6 14. a4 b6 15. Be2 Qc7 16. Be3 {[#]} Re7 $146 ({Predecessor:} 16... c4 17. Bf1 Rab8 18. Rac1 b5 19. axb5 axb5 20. b4 Qb7 21. g4 Ra8 22. Bd4 Ne5 {0-1 (42) Diaz Arboleda,D (2107)-Rios Parra,A (2350) Medellin 2011}) 17. Bg5 h6 18. Bh4 g5 19. Bg3 c4 20. f4 (20. Rac1 $14) 20... gxf4 $1 $11 21. Bxf4 Rae8 22. Bf3 Ne5 23. Be3 Nfd7 {[%cal Bf6d7,Bd7c5,Bc5b3][%mdl 32]} 24. Qd2 Kh7 25. Bd1 Nc5 {Hoping for ...Ned3. Pair of Knights!} 26. Bc2 (26. Rf1 $11) 26... Rb8 (26... Nb3 $1 $15 27. Bxb3 cxb3) 27. Rf1 Nb3 $1 28. Bxb3 cxb3 29. Qf2 Qd7 (29... Nc4 $11) 30. Qh4 (30. Bxb6 Nd3 31. Qf3 Nxb2 $17) ({Better is} 30. Ra3 $16) 30... Ng6 $36 {[%mdl 2048] Black is more active.} 31. Qh5 Re5 (31... b5 $11 {keeps the balance.}) 32. Rf5 (32. Qd1 $16) 32... Rbe8 {White must now prevent ...Rxf5.} 33. Raf1 (33. Bxb6 Rxf5 34. Qxf5 Qxf5 35. exf5 Nf4 $17) (33. Bd2 $11 {remains equal.}) 33... Rxf5 $17 34. Rxf5 Re5 (34... b5 $1 $17 {aiming for ...Bxc3.} 35. axb5 axb5) 35. Bxb6 $2 {[%mdl 8192] [#]} (35. Rxe5 $11 {and White is okay.} Bxe5 36. Bd2 (36. Bxh6 Kg8 $11)) 35... Qe7 $2 (35... Rxf5 $1 $19 36. exf5 (36. Qxf5 $2 {too greedy.} Qxf5 37. exf5 Bxc3 $19) 36... Nf4) 36. Qd1 ({White should play} 36. Qe2 $11) 36... Rxf5 37. exf5 {[#]} Nf4 {Threatens to win with ...Bxc3.} 38. Qf3 {[%mdl 8192] This costs White the game.} (38. Qxb3 {is a self mate.} Qe1+ 39. Kh2 Be5) (38. Bd4 $17) 38... Qe1+ $19 39. Kh2 Bxc3 40. Be3 Bxb2 {Black mates.} 41. Bxf4 Be5 42. Bxe5 Qxe5+ 43. Kg1 b2 {Weighted Error Value: White=0.87/Black=0.31} 0-1